Normal view
MARC view
- Gold, Jeffrey.
Entry Personal Name
001 - CONTROL NUMBER
- control field: 13716
003 - CONTROL NUMBER IDENTIFIER
- control field: NUST
005 - DATE AND TIME OF LATEST TRANSACTION
- control field: 20190223070034.0
008 - FIXED-LENGTH DATA ELEMENTS
- fixed length control field: 190223|| aca||aabn | a|a d
040 ## - CATALOGING SOURCE
- Original cataloging agency: NUST
- Transcribing agency: NUST
100 ## - HEADING--PERSONAL NAME
- Personal name: Gold, Jeffrey.
670 ## - SOURCE DATA FOUND
- Source citation: Work cat.: (NUST)0: Bratton, John. 13712, Human resource management :, 2017.
